000 02582nam a2200481Ia 4500
001 dia_1986
003 CHAP
005 20240502184748.0
007 ta
008 220117s2015 mx abdefr 001 0 spa d
040 _cCHAP
_amxchpua
090 _aT.C.701
_bS83 EIUPA
_c2015
245 1 0 _aEmpresa de cerveza artesanal Agua Mala en Ensenada, Baja California /
_ccoordinadores Carlos Suárez Espinosa, Artemio Pérez López y Evelio Aguilar Gudino ; colaboradores Yoshua Nayely Argumedo Herrera
260 _aMéxico :
_bEl autor,
_c2015
300 _a53 hojas :
_bilustraciones, mapas, gráficas, diagramas, tablas, fotos, planos +
_e1 CD-ROM
336 _2rdacontent
_atexto
_btxt
337 _2rdamedia
_ano mediado
_bn
338 _2rdacarrier
_avolumen
_bnc
500 _aGrado 7° Grupo 3 El CD contiene reporte y planos
502 _aViaje de estudios
_b(EIUPA) --
_cUACh. Departamento de Ingeniería Agroindustrial,
_d2015
504 _aBibliografía: hoja 52
505 _a4 planos 1. Distribución de áreas (Esc. 1:100) -- 2. Plano de recorrido y equipo (Esc. 1:100) -- 3. Diagrama de tubería e instrumentación -- 4. Diagrama de flujo 5. Distribución de áreas 2 (Esc. 1:100)
650 1 3 _aCervezas
_9149283
650 1 3 _aIndustria cervecera
_9152608
_zMéxico
_zBaja California
650 1 3 _aBeers
_9149281
650 1 3 _aBrewing industry
_9152607
_zMexico
_zBaja California
700 1 _aAguilar Gudino, Evelio
_9149929
_ecoordinador
700 1 _aPérez López, Artemio
_9149931
_ecoordinador
700 1 _aSuárez Espinosa, Carlos
_9151362
_ecoordinador
700 1 _aArgumedo Herrera, Yoshua Nayely
_9152609
_ecolaborador
856 4 1 _uhttp://10.13.5.2/ve/TC701EIUPA/TC701EIUPA2015-PLANO-DISTRIBUCIONDEAREAS1.pdf
_yDESCARGAR DISTRIBUCIÓN DE ÁREAS
856 4 1 _uhttp://10.13.5.2/ve/TC701EIUPA/TC701EIUPA2015-PLANO-RECORRIDOYDEEQUIPO1.pdf
_yDESCARGAR PLANO DE RECORRIDO Y EQUIPO
856 4 1 _uhttp://10.13.5.2/ve/TC701EIUPA/TC701EIUPA2015-PLANO-DTI.pdf
_yDESCARGAR DIAGRAMA DE TUBERÍA E INSTRUMENTACIÓN
856 4 1 _uhttp://10.13.5.2/ve/TC701EIUPA/TC701EIUPA2015-PLANO-DIAGRAMADEFLUJO.pdf
_yDESCARGAR DIAGRAMA DE FLUJO
856 4 1 _uhttp://10.13.5.2/ve/TC701EIUPA/TC701EIUPA2015-PLANO-DISTRIBUCIONDEEQUIPO1.pdf
_yDESCARGAR DISTRIBUCIÓN DE ÁREAS 2
856 4 1 _uhttp://10.13.5.2/ve/TC701EIUPA/TC701EIUPA2015-REPORTE.pdf
_yDESCARGAR REPORTE
901 _aT.C.701 S83 EIUPA 2015
902 _aM
905 _a5232272015 mx mnl 8223123322spa16
942 _2local
942 _cVE
999 _c172860
_d172860